| 000 | 00414nam a2200157 i 4500 | ||
|---|---|---|---|
| 001 | 90743 | ||
| 003 | ES-MaACL | ||
| 005 | 20230906180541.0 | ||
| 007 | t| | ||
| 008 | 050124s1971 sp ||||1| spa d | ||
| 100 | 1 |
_aLeirós, Sara. _971393 |
|
| 245 | 1 | 0 |
_aForja de valores / _cSara Leirós Fernández. |
| 260 |
_aMadrid : _bCorulsa, _c[1971] |
||
| 300 |
_a223 p. ; _c17 cm. |
||
| 852 |
_aES-MaACL _jC-44448 _bR.81621 |
||
| 999 |
_c90743 _d90743 |
||